000 00806cam a22002531 4500
001 sa 65010231
003 DLC
005 20260227112207.0
008 810709s1963 ii ab b 000 0 eng
010 _asa 65010231
025 _aPL480:I-E-5000
035 _a(OCoLC)7567414
040 _aDLC
_cMnSU
_dNSyU
_dDLC
042 _apremarc
043 _aa-ii---
050 0 0 _aHD9086.I45
_bA5
110 1 _aIndia.
_bCommittee on Natural Resources.
245 1 0 _aStudy of cotton in India.
260 _a[New Delhi]
_bCommittee on Natural Resources, Planning Commission, in collaboration with Indian Central Cotton Committee, Bombay,
_c1963.
300 _ax, 150 p.
_bill., maps.
_c25 cm.
504 _aBibliography: p. 150.
650 0 _aCotton trade
_zIndia.
710 2 _aIndian Central Cotton Committee.
999 _c66640
_d66640